| 000 | 01079nam a2200325 a 4500 | ||
|---|---|---|---|
| 999 |
_c7876 _d7876 |
||
| 001 | 7876 | ||
| 003 | BD-JhCC | ||
| 005 | 20180224124727.0 | ||
| 008 | 180215s1969 enk b 001 0 eng d | ||
| 035 | _a(BD-JhCC)7876 | ||
| 035 | _a(OCoLC)00058703 | ||
| 035 | _aGLIS00491875 | ||
| 035 | _a(OCoLC)00789488 | ||
| 040 |
_aBD-JhCC _cDLC _dBD-JhCC _dRCD |
||
| 041 | _aeng | ||
| 050 | 0 |
_aHN980 _b.H83 |
|
| 082 |
_a309.11724 _bGUY 1969 |
||
| 090 |
_aHN980 _b.H945 |
||
| 099 | _aHN980.H945 | ||
| 100 | 1 | _aHunter, Guy. | |
| 245 | 1 | 0 |
_aModernizing peasant societies : _ba comparative study in Asia and Africa / _c Guy Hunter, |
| 260 |
_aLondon : _aNew York, _bPublished for the Institute of Race Relations [by] Oxford University Press, _c1969. |
||
| 300 |
_ax, 324 p. _c22 cm. |
||
| 504 | _aIncludes bibliographical references. | ||
| 650 | 0 |
_aAgriculture _xSocial aspects _zDeveloping countries. |
|
| 651 | 0 |
_aDeveloping countries _xSocial conditions. |
|
| 710 | 2 | _aInstitute of Race Relations. | |
| 942 |
_2ddc _cBK |
||
| 949 |
_aMYGD _aMYGR _aMYGD _aMYGH |
||